Southville International School and Colleges
Your cart is empty.
  • Cart
  • Lists
    Public lists Eva Luna New books Lux_list list_1
    Your lists Log in to create your own lists
  • Log in to your account
  • Your cookies
  • Search history
Southville International School and Colleges
  • Advanced search
  • Recent comments
  • Most popular
  • Libraries

Log in to your account

Log in with GOOGLE


If you do not have an external account, but do have a local account, you can still log in:

  1. Home
  2. MARC view: Goodman and Gilman's the pharmacological basis of therapeutics /
Normal view MARC view ISBD view

Goodman and Gilman's the pharmacological basis of therapeutics / (Record no. 357666)

[ view plain ]
MARC details
000 -LEADER
fixed length control field 00607nam a2200229Ia 4500
008 - FIXED-LENGTH DATA ELEMENTS--GENERAL INFORMATION
fixed length control field 180523s9999 xx 000 0 und d
020 ## - INTERNATIONAL STANDARD BOOK NUMBER
International Standard Book Number 0-02-344720-6
050 ## - LIBRARY OF CONGRESS CALL NUMBER
Classification number MAIN RM 300
050 ## - LIBRARY OF CONGRESS CALL NUMBER
Item number .G66 1980
245 #0 - TITLE STATEMENT
Title Goodman and Gilman's the pharmacological basis of therapeutics /
245 #0 - TITLE STATEMENT
Statement of responsibility, etc Alfred Goodman Gilman.
250 ## - EDITION STATEMENT
Edition statement 6th Edition
260 ## - PUBLICATION, DISTRIBUTION, ETC. (IMPRINT)
Place of publication, distribution, etc New York :
260 ## - PUBLICATION, DISTRIBUTION, ETC. (IMPRINT)
Name of publisher, distributor, etc MacMillan Pub. Co., Inc.,
260 ## - PUBLICATION, DISTRIBUTION, ETC. (IMPRINT)
Date of publication, distribution, etc 1980
300 ## - PHYSICAL DESCRIPTION
Extent 1843 pages :
300 ## - PHYSICAL DESCRIPTION
Dimensions 26 cm.
500 ## - GENERAL NOTE
General note Includes index.
650 ## - SUBJECT ADDED ENTRY--TOPICAL TERM
Topical term or geographic name as entry element Drug therapy.
650 ## - SUBJECT ADDED ENTRY--TOPICAL TERM
Topical term or geographic name as entry element Phramacology.
650 ## - SUBJECT ADDED ENTRY--TOPICAL TERM
General subdivision Chemotherapy.
Holdings
Withdrawn status Lost status Damaged status Home library Current library Shelving location Date acquired Total Checkouts Full call number Barcode Date last seen Price effective from Koha item type
      South Mansfield College South Mansfield College   01/11/2008   MAIN RM 300 .G66 1980 SMC04709 05/23/2018 05/23/2018  

Goodman and Gilman's the pharmacological basis of therapeutics /

APA

Goodman and Gilman's the pharmacological basis of therapeutics. New York: .

Chicago

Goodman and Gilman's the pharmacological basis of therapeutics. New York: .

Harvard

Goodman and Gilman's the pharmacological basis of therapeutics. New York: .

MLA

New York: . .

  • Place hold
  • Print
  • Cite
  • Add to your cart (remove)
  • Save record
    BIBTEX Dublin Core MARCXML MARC (non-Unicode/MARC-8) MARC (Unicode/UTF-8) MARC (Unicode/UTF-8, Standard) MODS (XML) RIS
  • More searches
    Search for this title in:
    Other Libraries (WorldCat) Other Databases (Google Scholar) Online Stores (Bookfinder.com) Open Library (openlibrary.org)

Exporting to Dublin Core...

SOUTHVILLE LIBRARY

Southville International School and Colleges Library

1281 Tropical Ave. Cor. Luxembourg St., BF Homes International, Las Pinas City

Tel. No. 8256374 / 252358 Loc. 117/146

Powered by Koha